000 00861nam a2200265Ia 4500
003 OSt
005 20220925202821.0
006 a|||||r|||| 00| 0
007 ta
008 220923b |||||||| |||| 00| 0 eng d
037 _cGeneral Book
040 _aRTL
_cRTL
_beng
041 _2eng
_aeng
082 _aX651.2.N8, M8/Th
100 _aMlik Sangeeta
_9264412
245 0 _aUnit trust of India
_b A study in investment managem
260 _aDelhi
_bUniversity of Delhi
_c1988
300 _a129
_ccm.
490 _aUniversity of Delhi, Commerce and Business (Faculty of-), Dissertation. Dissertation, University of Delhi, Commerce and Business (Faculty of-
650 _a Economics
650 _a Stock
_9255671
650 _aInvestment
942 _hX651.2.N8, M8/Th
_cGB
_2CC
999 _c544188
_d544188